00542 2200181 4500245008200000020002200082250001100104700002400115100001900139650003900158005001900197260005500216041001400271084001000285300003100295490002500326336000900351 aMengungkap Peradaban Besi Danau Matano Sulawesi SelatancRr. TriwurjanihText a978-979-B041-75-4 aCet. 1 aDian Rahayu Ekowati aRr. Triwurjani aRumah Peradaban Matano ; Arkeologi a20240902100601 aJakartabPusat Penelitian Arkeologi Nasionalc2020 aIndonesia a306.4 a31 Halaman :c14,8 x 21 cm aSeri Rumah Peradaban atext